| 000 | nam a22 7a 4500 | ||
|---|---|---|---|
| 999 |
_c18278 _d18278 |
||
| 008 | 161205b xxu||||| |||| 00| 0 eng d | ||
| 020 | _a0916690458 | ||
| 050 | _aLA 5 .E38 2005 | ||
| 100 | _d2005 | ||
| 245 |
_aEducation past and present: _breflections on research,policy and practice. |
||
| 260 |
_bHarvard education, _c2005. |
||
| 300 | _axi,128.p | ||
| 650 | _acomparative eduaction. | ||
| 650 | _aEducation. | ||
| 650 | _aEducation research. | ||
| 942 |
_2lcc _cBOOKS _hLA 5 .E38 2005 |
||